A szóolvasási készség adaptív mérését lehetővé tevő online tesztrendszer kidolgozása

Elmentve itt :
Bibliográfiai részletek
Szerzők: Magyar Andrea
Molnár Gyöngyvér
Dokumentumtípus: Cikk
Megjelent: 2014
Sorozat:Magyar pedagógia : a Magyar Tudományos Akadémia Pedagógiai Bizottságának folyóirata 114 No. 4
Kulcsszavak:Olvasás tanítása módszer
Online Access:http://misc.bibl.u-szeged.hu/14248
LEADER 00769nab a2200193 i 4500
001 misc14248
005 20191106140505.0
008 170607s2014 hu o 0|| hun d
022 |a 0025-0260 
040 |a SZTE Miscellanea Repozitórium  |b hun 
041 |a hun 
100 1 |a Magyar Andrea 
245 1 2 |a A szóolvasási készség adaptív mérését lehetővé tevő online tesztrendszer kidolgozása  |h [elektronikus dokumentum] /  |c  Magyar Andrea 
260 |c 2014 
300 |a 259-279 
490 0 |a Magyar pedagógia : a Magyar Tudományos Akadémia Pedagógiai Bizottságának folyóirata  |v 114 No. 4 
695 |a Olvasás tanítása módszer 
700 0 1 |a Molnár Gyöngyvér  |e aut 
856 4 0 |u http://misc.bibl.u-szeged.hu/14248/1/mp_2014_004_6573_259-279.pdf  |z Dokumentum-elérés